00613nam a2200205Ia 4500008004100000020001800041050001400059100001700073245001300090245005100103245001600154250001900170260001500189260003300204260000900237300001400246300002500260999001900285952010300304180207s9999 xx 000 0 und d a9780786837489 bW699 2006 aWillems, Mo. aEdwina : bthe dinosaur who didn't know she was extinct / cMo Willems. aFirst edition. aNew York : bHyperion Books for Children, c2006 aunpaged : bcolor illustration ; c355069d355069 001040aSSISMbSSISMd2018-02-07l0oER W699 2006pSSISM4614r2018-02-07 00:00:00w2018-02-07yBK